Culture Générale - Série 1984 - Statistiques

Statistiques générales
  • Ce quiz a été pris 107 fois
  • Le résultat moyen est 4 sur 10
Statistiques - réponses
Question Réponse % Correct
De quel pays est originaire le jeu "go" ? Chine
91%
Quelle est la nationalité de l'écrivain Georges Simenon ? belge
86%
Quel animal est le cousin de la vigogne, du guanaco et de l'alpaga ? lama
81%
Dans quel pays se trouve la ville portuaire de Safi ? Maroc
42%
Dans quelle ville le poète Paul Valéry est-il né (1871-1945) ? Sète
40%
Dans quelle province se trouve la ville italienne de Rieti ? Latium
12%
Dans le milieu maritime, quel nom donne-t-on à un câble attaché à une bouée ? orin
12%
Recueil de fables du Moyen Âge isopet
8%
Outil qui sert à matir un métal matoir
3%
Quel nom porte la puce de mer ? voir photo talitre
2%
Aucun quiz correspondant
Distribution des résultats
% des personnes avec chaque résultat
Percentile par nombre de réponses
Votre historique - résultats
Vous n’avez pas pris ce quiz